伊豆〇〇駅 - Statistics

General Stats
  • This quiz has been taken 96 times
  • The average score is 6 of 9
Answer Stats
Answer % Correct
伊豆高原
87%
伊豆熱川
81%
伊豆急下田
80%
伊豆稲取
80%
伊豆多賀
63%
伊豆北川
56%
伊豆長岡
55%
伊豆大川
41%
伊豆仁田
36%
No matching quizzes found
Score Distribution
Percent of People with Each Score
Percentile by Number Answered
Your Score History
You have not taken this quiz